00745nam a2200229 a 450000100060000000300080000600500170001400800410003103500190007204000270009104100080011808200240012610000190015024501300016925000270029926000370032630000350036350400510039865000310044970000160048070000190049650235BD-RjUL20211209075458.0160824m19511943ii a b 001 0 eng  a(BD-RjUL)50355 aDLCcDLCbengdBD-RjUL aeng 223a371.2bNUH 19511 aNurullah, Syed12aA history of education in India :bduring the British period /cSyed Nurullah and J.P. Naik ; with a foreword by Zakir Husain a2nd ed.(rev. and enl.) aBombay :bMacmillan & Co.,c1951 axxiii, 953 p. :bill ;c22 cm. aIncludes bibliographical references and index. 0aEducationzIndiaxHistory.1 aNaik, J. P.1 aHusain, Zakir